<?xml version="1.0" encoding="UTF-8"?>
<collection xmlns="http://www.loc.gov/MARC21/slim">
 <record>
  <leader>01439pam a22003018a 4500</leader>
  <controlfield tag="001">00026420</controlfield>
  <controlfield tag="005">20171026081023.0</controlfield>
  <controlfield tag="008">110815s2006                  ||||||viesd</controlfield>
  <datafield tag="020" ind1=" " ind2=" ">
   <subfield code="c">7500</subfield>
  </datafield>
  <datafield tag="041" ind1="0" ind2="#">
   <subfield code="a">vie</subfield>
  </datafield>
  <datafield tag="082" ind1="1" ind2="#">
   <subfield code="a">510.71</subfield>
   <subfield code="b">T406CH</subfield>
  </datafield>
  <datafield tag="245" ind1="0" ind2="0">
   <subfield code="a">Toán 9</subfield>
   <subfield code="b">Sách giáo viên</subfield>
   <subfield code="c">Phan Đức Chính( tổng ch.b)...[và nh. ng. khác]</subfield>
   <subfield code="n">T.2</subfield>
  </datafield>
  <datafield tag="250" ind1="#" ind2="#">
   <subfield code="a">Tái bản lần thứ 1</subfield>
  </datafield>
  <datafield tag="260" ind1="#" ind2="#">
   <subfield code="a">H.</subfield>
   <subfield code="b">Giáo dục</subfield>
   <subfield code="c">2006</subfield>
  </datafield>
  <datafield tag="300" ind1="#" ind2="#">
   <subfield code="a">192 tr.</subfield>
   <subfield code="b">minh họa</subfield>
   <subfield code="c">24 cm.</subfield>
  </datafield>
  <datafield tag="500" ind1="#" ind2="#">
   <subfield code="a">ĐTTS ghi: Bộ Giáo dục và Đào tạo</subfield>
  </datafield>
  <datafield tag="650" ind1=" " ind2=" ">
   <subfield code="a">Lớp 9</subfield>
  </datafield>
  <datafield tag="650" ind1=" " ind2=" ">
   <subfield code="a">Sách giáo viên</subfield>
  </datafield>
  <datafield tag="650" ind1=" " ind2=" ">
   <subfield code="a">Toán</subfield>
  </datafield>
  <datafield tag="700" ind1="1" ind2="#">
   <subfield code="a">Nguyễn Huy Đoan</subfield>
  </datafield>
  <datafield tag="700" ind1="1" ind2="#">
   <subfield code="a">Phan Đức Chính</subfield>
   <subfield code="e">tổng ch.b</subfield>
  </datafield>
  <datafield tag="700" ind1="1" ind2="#">
   <subfield code="a">Tôn Thân</subfield>
   <subfield code="e">ch.b</subfield>
  </datafield>
  <datafield tag="852" ind1="#" ind2="#">
   <subfield code="b">Kho giáo trình</subfield>
   <subfield code="j">KGT.0029922, KGT.0029923, KGT.0029924, KGT.0029925, KGT.0029926, KGT.0029927, KGT.0029928, KGT.0029937, KGT.0029938, KGT.0029939, KGT.0029940, KGT.0029941, KGT.0029942, KGT.0029943, KGT.0029944, KGT.0029945, KGT.0032379</subfield>
  </datafield>
  <datafield tag="852" ind1="#" ind2="#">
   <subfield code="b">Kho mượn</subfield>
   <subfield code="j">KGT.0029922</subfield>
  </datafield>
  <datafield tag="852" ind1="#" ind2="#">
   <subfield code="b">Kho đọc</subfield>
   <subfield code="j">KD.0011209</subfield>
  </datafield>
  <datafield tag="852" ind1="#" ind2="#">
   <subfield code="j">KGT.0029924</subfield>
   <subfield code="j">KGT.0029926</subfield>
   <subfield code="j">KGT.0029927</subfield>
   <subfield code="j">KGT.0029937</subfield>
   <subfield code="j">KGT.0029938</subfield>
   <subfield code="j">KGT.0029942</subfield>
   <subfield code="j">KGT.0029943</subfield>
   <subfield code="j">KGT.0029945</subfield>
   <subfield code="j">KGT.0032379</subfield>
   <subfield code="j">KGT.0029923</subfield>
   <subfield code="j">KGT.0029940</subfield>
   <subfield code="j">KD.0011209</subfield>
   <subfield code="j">KGT.0029922</subfield>
   <subfield code="j">KGT.0029925</subfield>
   <subfield code="j">KGT.0029928</subfield>
   <subfield code="j">KGT.0029939</subfield>
   <subfield code="j">KGT.0029941</subfield>
   <subfield code="j">KGT.0029944</subfield>
  </datafield>
  <datafield tag="910" ind1=" " ind2=" ">
   <subfield code="d">15/08/2011</subfield>
  </datafield>
  <datafield tag="980" ind1="#" ind2="#">
   <subfield code="a">Trung tâm Học liệu Lê Vũ Hùng, Trường Đại học Đồng Tháp</subfield>
  </datafield>
 </record>
</collection>
